00587cam a22002051 4500001001300000003000400013005001700017008004100034010001700075035001900092040004600111042001200157050001600169100002500185245007100210260003200281300003500313650001800348999001500366af 48005215 DLC20260227110912.0810506s1934 gw ac 000 0 ger c aaf 48005215  a(OCoLC)7397030 aColumbia Univ. LibrariescNBuUdNBuUdDLC apremarc00aHQ1638b.D51 aDiel, Louise,d1893-00aFrau im fascistischen Italien.cMit 56 Bildern in Kupfertiefdruck. aBerlin,bR. Hobbingc[1934] a168 p.billus., ports.c24 cm. 0aWomenzItaly. c6406d6406